000 00168nam a22000857a 4500
082 _a823
100 _aANAND PAI
245 _aTHE GREEN DEMON AND OTHER STORIES
942 _cBK
999 _c8328
_d8328